The university murders (Record no. 297570)

MARC details
000 -LEADER
fixed length control field 00503nam a2200181Ia 4500
008 - FIXED-LENGTH DATA ELEMENTS--GENERAL INFORMATION
fixed length control field 191130s2003##################000#0#eng##
020 ## - INTERNATIONAL STANDARD BOOK NUMBER
ISBN 9780521536608
082 ## - DEWEY DECIMAL CLASSIFICATION NUMBER
Classification number 428.64 MAC
100 ## - MAIN ENTRY--AUTHOR NAME
Personal name MacAndrew, Richard
245 ## - TITLE STATEMENT
Title The university murders
Statement of responsibility, etc Richard MacAndrew
260 ## - PUBLICATION, DISTRIBUTION, ETC. (IMPRINT)
Place of publication Cambridge
Name of publisher Cambridge University Press
Year of publication 2003
300 ## - PHYSICAL DESCRIPTION
Number of Pages 80 p. ; 20 cm
650 ## - SUBJECT ADDED ENTRY--TOPICAL TERM
Topical Term English language
991 ## -
-- 420449
Holdings
Withdrawn status Lost status Damaged status Not for loan Home library Current library Date acquired Full call number Accession Number Price effective from Koha item type
        Anna Centenary Library Anna Centenary Library 15.10.2020 428.64 MAC 102220 15.10.2020 English Books

Find us on the map